000 01621nam a2200337 a 4500
001 BRCA_2664
005 20190320203920.0
008 021208s1882----sp-a---###---#000-0#spa-u
041 _aspa
044 _asp
084 _a198
_b.M364
_c1882
100 1 _aCervantes Saavedra, Miguel de
_d1547-1616
_9213
245 1 0 _aEl Ingenioso Hidalgo Don Quijote de la Mancha
_cpor Miguel de Cervantes Saavedra.
250 _a5
260 _aBarcelona
_bSalvador Manero
_c1882
300 _a383 p.
_bil.
_c32 cm.
_e1 mapa
440 0 _aBiblioteca ilustrada de Salvador Rivas
_97532
500 _aContenido : Primera parte. Retrato de Cervantes. Nota del editor. Dedicatoria del autor. Prólogo del autor. Versos preliminares. Texto. Segunda parte. Dedicatoria del autor. Prólogo del autor. Texto
500 _aEdición : De gran lujo adornada con preciosas láminas debidas al reputado artista Ramón Puggarí y un mapa de los lugares recorridos por el héroe manchego
500 _aCopia de la edición de C. Miró publicada en 1881 y con las mismas láminas. Tela; planos dorados. Ejemplar desgastado Lúdovik Osterc
500 _aEstado físico : Primeras hojas desprendidas. Lomo deteriorado
500 _aQM188
650 1 4 _aNovela española
_yÉpoca clásica, 1500-1700
_9215
650 1 4 _aLiteratura española
_yÉpoca clásica, 1500-1700
_9216
650 1 4 _aNovela española
_ySiglo XVII
_9217
650 1 4 _aDon Quijote (Personaje ficticio)
_eNovela
_9218
700 1 _aPuiggarí, Ramón
_d1820-1894
_eIlustrador
_97566
740 0 _aEl Ingenioso Hidalgo Don Quijote de la Mancha
902 _aQFM
942 _2lcc
_cB
999 _c2404
_d2404